<?xml version="1.0" encoding="UTF-8"?>
<collection xmlns="http://www.loc.gov/MARC21/slim">
 <record>
  <leader>     na                 </leader>
  <controlfield tag="001">INLIS000000000021573</controlfield>
  <controlfield tag="005">20230720111505</controlfield>
  <datafield tag="035" ind1=" " ind2=" ">
   <subfield code="a">0010-0723000139</subfield>
  </datafield>
  <controlfield tag="007">ta</controlfield>
  <controlfield tag="008">230720                g          0 ind  </controlfield>
  <datafield tag="020" ind1=" " ind2=" ">
   <subfield code="a">978-602-6634-27-6</subfield>
  </datafield>
  <datafield tag="082" ind1=" " ind2=" ">
   <subfield code="a">133.6</subfield>
  </datafield>
  <datafield tag="084" ind1=" " ind2=" ">
   <subfield code="a">133.6 PHO i</subfield>
  </datafield>
  <datafield tag="100" ind1="1" ind2=" ">
   <subfield code="a">Phoenix, RA</subfield>
   <subfield code="e">Pengarang</subfield>
  </datafield>
  <datafield tag="245" ind1="1" ind2=" ">
   <subfield code="a">Indera Ke-6</subfield>
  </datafield>
  <datafield tag="250" ind1=" " ind2=" ">
   <subfield code="a">Cetakan 1</subfield>
  </datafield>
  <datafield tag="300" ind1=" " ind2=" ">
   <subfield code="a">iv + 122 halaman ;</subfield>
   <subfield code="c">21 cm</subfield>
  </datafield>
  <datafield tag="650" ind1=" " ind2="4">
   <subfield code="a">Indera Ke - Enam</subfield>
  </datafield>
  <datafield tag="650" ind1=" " ind2="4">
   <subfield code="a">Fenomena Batin</subfield>
  </datafield>
  <datafield tag="700" ind1="0" ind2=" ">
   <subfield code="a">Ika W</subfield>
   <subfield code="e">Penyunting</subfield>
  </datafield>
  <datafield tag="504" ind1=" " ind2=" ">
   <subfield code="a">119 halaman</subfield>
  </datafield>
  <datafield tag="505" ind1=" " ind2=" ">
   <subfield code="a">1. Apakah Indra keenam itu &#13;
2. Indea keenam, Anugerah Atau Musibah &#13;
3. Manfaat Indera Keenam&#13;
4.Melatih Indra Keenam &#13;
5. Legenda dan Mitos Seputar Indra Keenam</subfield>
  </datafield>
  <datafield tag="520" ind1=" " ind2=" ">
   <subfield code="a">Indera ke-6 sering di identikkan dengan kemampuan untuk melihat mahluk yang tak terlihat oleh kasat mata (makhluk halus/ghoib). Padahal fungsi sebenarnya dari indera keenam sendiri jauh melebihi hanya sekedar melihat makhluk gaib saja. Sebab, kemampuan melihat makhluk halus hanya merupakan bagian percabangan dari kemampuan indera ke-6 itu sendiri. Semisal &quot;intuisi&quot;, Akan tetapi jauh lebih tajam lagi. Jika intuisi merupakan suatu hasil pengalaman, indera ke-6 tidak mengenal adanya pengalaman apapun.&#13;
&#13;
Indera ke-6 adalah kemampuan terpendam dari manusia. Karena pada hakekatnya kita dapat mendayagunakan kemampuan indera keenam dari diri kita sendiri apabila kita semua mengetahui cara membukanya. Terlepas dari itu semua, indera ke 6 juga bisa untuk di kembangkan dan di miliki oleh siapapun. Karena kini telah begitu banyak metode unik yang di kembangkan agar seseorang dapat menguasai indera ke-6 itu sendiri.&#13;
&#13;
Buku ini akan mengajak Anda apa sebenarnya indera ke-6 itu dan apa pula pentingnya seseorang mengasal kemampuan indera ke enamnya.</subfield>
  </datafield>
  <datafield tag="264" ind1=" " ind2=" ">
   <subfield code="a">Yogyakarta :</subfield>
   <subfield code="b">Romawi Pustaka,</subfield>
   <subfield code="c">2018</subfield>
  </datafield>
  <datafield tag="336" ind1=" " ind2=" ">
   <subfield code="2">rdacontent</subfield>
   <subfield code="a">Teks</subfield>
  </datafield>
  <datafield tag="337" ind1=" " ind2=" ">
   <subfield code="2">rdamedia</subfield>
   <subfield code="a">Tanpa Perantara</subfield>
  </datafield>
  <datafield tag="338" ind1=" " ind2=" ">
   <subfield code="2">rdacarrier</subfield>
   <subfield code="a">Lembar</subfield>
  </datafield>
  <datafield tag="990" ind1=" " ind2=" ">
   <subfield code="a">075938</subfield>
  </datafield>
  <datafield tag="990" ind1=" " ind2=" ">
   <subfield code="a">075937</subfield>
  </datafield>
  <datafield tag="990" ind1=" " ind2=" ">
   <subfield code="a">067361</subfield>
  </datafield>
  <datafield tag="990" ind1=" " ind2=" ">
   <subfield code="a">067360</subfield>
  </datafield>
 </record>
</collection>
